Majster zabral po troch fackách extraliga volejbalistov 7. kolo v skupine o 1.-6. miesto: Zvolen už iba bod za lídrom

Bibliographic Details
Format: Article
Language:Slovak
PhysicalDescription:Tab.
ISSN:0139-7001
Subjects:

MARC

LEADER 00000nab a2200000 a 4500
001 vtls001494636
003 SK-MaSNL
005 20260303192758.0
008 050218c20050214xo dr|p|||||||000 b|slo
015 |a SNBRB2005/02  |2 snkbucl 
038 |a SNKBUCL 
040 |a SNKBUCL  |b slo  |c SNKBUCL  |e AACR2 
041 0 |a slo 
044 |a xo  |c SK 
080 |a 796.325.093.1  |2 UDC-MRF-SK2 
245 0 0 |a Majster zabral po troch fackách  |b extraliga volejbalistov 7. kolo v skupine o 1.-6. miesto: Zvolen už iba bod za lídrom 
300 |b Tab. 
648 7 |a sezóna 2004/2005  |2 snkbucl  |9 848867 
650 0 7 |a volejbal  |2 snkbucl  |9 3294 
650 0 7 |a muži  |2 snkbucl  |9 4888 
650 0 7 |a extraliga   |2 snkbucl  |9 18992 
650 0 7 |a 7. kolo  |2 snkbucl  |9 872832 
773 0 |t Šport  |g Roč. 59, č. 36 (14.2.2005), s. 29  |x 0139-7001 
852 |a SNK  |b KIS3GCP 
999 |c 2148698  |d 2150628